00536nam a2200145 4500001000700000003000900007007000300016008004100019100003100060245019500091250001300286260003200299300002800331852003100359137785ES-MaACLt|070214s1954 sp r ||||1| spa d1 aSalinas Bellver, Salvador.10aAtlas de Geografía Universal b: obra concordada con las principales publicaciones y adecuada para uso de cuantos se dediquen a los estudios geográficos / cpor Salvador Salinas Bellver. a29ª ed. aMadrid : bSalinas, c1954. a70 map. col. ; c34 cm. aES-MaACLjB-2932 bR.36352